000 00485nam a2200181Ia 4500
003 OSt
005 20230531133648.0
008 210423s2007 xx 000 0 und d
040 _cAL
041 _aeng
082 _a658.477
_223
_bGOED
100 _aGOEL (S L).
_9117912
245 _aDisaster administration and management.
260 _aNew Delhi
_bDeep and deep publication
_c2007
365 _b480
_cINR
906 _aadministration ; Disaster ; management.
942 _2ddc
_cBK
999 _c175551
_d175551